000 00982cam a2200289 i 4500
001 62257
003 Mx-PuUPA
005 20241205094135.0
008 150312s2000 sp a fr 000 0 spa d
020 _a019513706X
040 _aMX-PuUPA
_bspa
_erda
_cMx-PuUPA
_dMx-PuUPA
041 0 _aeng
100 1 _aBrooke, John Hedley,
_d1944-
_eautor
_957
245 1 0 _aReconstructing nature :
_bthe engagement of science and religion /
_cJohn Brooke and Geoffrey Cantor.
250 _aFirst published
264 1 _aNew York :
_bOxford University Press,
_c2000
300 _axii, 367 páginas :
_bilustraciones ;
_c23 cm
336 _atexto
_2rdacontent
_btxt
337 _asin medio
_2rdamedia
_bn
338 _avolumen
_2rdacarrier
_bnc
490 0 _aGlasgow Gifford Lectures
650 7 _aReligión y ciencia
_xHistoria
_2armarc
700 1 _aCantor, G. N.
_d1943-
_eautor
_9169
942 _2ddc
_cLI
_h291.175
_iB863
999 _c62257
_d62257